| 000 | 00651nam a2200229Ia 4500 | ||
|---|---|---|---|
| 003 | OSt | ||
| 005 | 20220918221344.0 | ||
| 006 | a|||||r|||| 00| 0 | ||
| 007 | ta | ||
| 008 | 220917b |||||||| |||| 00| 0 eng d | ||
| 024 | _a149,498 | ||
| 037 | _cTextual | ||
| 040 |
_aARTS _cARTS _beng |
||
| 041 |
_2eng _aeng |
||
| 082 | _aT115:3(P111), K3 (PD) | ||
| 100 |
_aMattam Donald _9140204 |
||
| 245 | 0 |
_aVital approach _b comment on the teaching of english to pupils between the ages of 8 and 15 |
|
| 260 | _c1963 | ||
| 650 | _aEDUCATION | ||
| 942 |
_hT115:3(P111), K3 (PD) _cTEXL _2CC |
||
| 999 |
_c272164 _d272164 |
||